Normal view
MARC view
- Venugopal Reddy, V.
Entry Personal Name
001 - CONTROL NUMBER
- control field: 29372
003 - CONTROL NUMBER IDENTIFIER
- control field: NUST
005 - DATE AND TIME OF LATEST TRANSACTION
- control field: 20200820163339.0
008 - FIXED-LENGTH DATA ELEMENTS
- fixed length control field: 200820|| aca||aabn | a|a d
040 ## - CATALOGING SOURCE
- Original cataloging agency: NUST
- Transcribing agency: NUST
100 ## - HEADING--PERSONAL NAME
- Personal name: Venugopal Reddy, V.
670 ## - SOURCE DATA FOUND
- Source citation: Work cat.: (NUST)0: Towards virtualization :, 2002.
